<?xml version="1.0" encoding="UTF-8"?>
<record
    xmlns:xsi="http://www.w3.org/2001/XMLSchema-instance"
    xsi:schemaLocation="http://www.loc.gov/MARC21/slim http://www.loc.gov/standards/marcxml/schema/MARC21slim.xsd"
    xmlns="http://www.loc.gov/MARC21/slim">

  <leader>00921nam a2200205   4500</leader>
  <controlfield tag="001">121167</controlfield>
  <controlfield tag="003">ES-MaACL</controlfield>
  <controlfield tag="005">20240516063043.0</controlfield>
  <controlfield tag="007">t|</controlfield>
  <controlfield tag="008">070214s1982    sp      r    ||||1| spa d</controlfield>
  <datafield tag="100" ind1="1" ind2=" ">
    <subfield code="a">Pretel Mar&#xED;n, Aurelio,</subfield>
    <subfield code="d">1950-</subfield>
    <subfield code="9">93800</subfield>
  </datafield>
  <datafield tag="245" ind1="1" ind2="0">
    <subfield code="a">Don Juan Manuel, se&#xF1;or de la llanura </subfield>
    <subfield code="b">: (repoblaci&#xF3;n y gobierno de la Mancha albacetense en la primera mitad del siglo XIV) / </subfield>
    <subfield code="c">Aurelio Pretel Mar&#xED;n.</subfield>
  </datafield>
  <datafield tag="260" ind1=" " ind2=" ">
    <subfield code="a">Albacete : </subfield>
    <subfield code="b">Instituto de Estudios Albacetenses, </subfield>
    <subfield code="c">1982.</subfield>
  </datafield>
  <datafield tag="300" ind1=" " ind2=" ">
    <subfield code="a">296 p. ; </subfield>
    <subfield code="c">24 cm.</subfield>
  </datafield>
  <datafield tag="490" ind1="1" ind2=" ">
    <subfield code="a">Publicaciones del Instituto de Estudios Albacetenses. Serie I. Ensayos hist&#xF3;ricos y cient&#xED;ficos ; </subfield>
    <subfield code="v">13</subfield>
  </datafield>
  <datafield tag="710" ind1="2" ind2=" ">
    <subfield code="a">Instituto de Estudios Albacetenses.</subfield>
    <subfield code="9">4884</subfield>
  </datafield>
  <datafield tag="830" ind1="0" ind2=" ">
    <subfield code="a">Publicaciones del Instituto de Estudios Albacetenses. Serie I. Ensayos hist&#xF3;ricos y cient&#xED;ficos ; </subfield>
    <subfield code="v">13</subfield>
    <subfield code="9">218731</subfield>
  </datafield>
  <datafield tag="852" ind1=" " ind2=" ">
    <subfield code="a">ES-MaACL</subfield>
    <subfield code="j">L-4081 </subfield>
    <subfield code="b">R.104951</subfield>
  </datafield>
  <datafield tag="999" ind1=" " ind2=" ">
    <subfield code="c">121167</subfield>
    <subfield code="d">121167</subfield>
  </datafield>
  <datafield tag="952" ind1=" " ind2=" ">
    <subfield code="0">0</subfield>
    <subfield code="1">0</subfield>
    <subfield code="4">0</subfield>
    <subfield code="7">0</subfield>
    <subfield code="a">ATENEOM</subfield>
    <subfield code="b">ATENEOM</subfield>
    <subfield code="c">DEPO2</subfield>
    <subfield code="d">2008-01-17</subfield>
    <subfield code="e">SC</subfield>
    <subfield code="l">0</subfield>
    <subfield code="o">L-4081</subfield>
    <subfield code="p">1126280</subfield>
    <subfield code="r">2023-02-23 00:00:00</subfield>
    <subfield code="w">2023-02-23</subfield>
    <subfield code="y">MONOGRAFIA</subfield>
  </datafield>
</record>
